000 00529nam a22001577a 4500
008 160929b xxu||||| |||| 00| 0 eng d
020 _a9712709906
082 _22000
_aDFil 899.2101
_bL28
100 _915439
_aLanot, Marra PL.
245 _aWitch's dance at iba pang tula sa Filipio at EspaƱol/
_cMarra PL. Lanot
260 _aPasig City:
_bAnvil Publishing House,
_cc2000.
300 _avii, 189 pages;
_c21 cm.
650 0 _915441
_aFilipino poetry (Filipino)
650 0 _915442
_aFilipino poetry (Spanish)
942 _2ddc
_cDFIL
999 _c4900
_d4900